000 00520nam a2200205Ia 4500
003 GCL
008 140319s9999 xx 000 0 eng d
040 _aGCL /
_cGCL
082 0 4 _a616.89
_bT H
100 1 _aJENNINGS, SUE
245 1 0 _aTHE HAND BOOK OF DRAMATHERAPY /
_cJENNINGS, SUE
700 1 _aCATTANACH, ANN
260 _a[S.N] :
_bROUTLEDGE ،
_c1993
300 _a232 P
650 0 4 _aROLE PLAYING
650 0 4 _aPSYCHOTHERAPY
650 0 4 _aTHERAPEUTICS
650 0 4 _aDRAMA -THEROPEUTIC
942 _2ddc
_cBK
999 _c24659
_d24659